000 00364nam a2200145Ia 4500
008 230917s9999||||xx |||||||||||||| ||und||
040 _e54825
_aMAIN
041 _aEnglish
082 _a944.04 H396N
100 _aHenry, L E
245 0 _aNapolean's war maxims
260 _aNew Delhi
_bAsian Publication Services
_c1978
300 _axxii, 187 p.
942 _cBK
999 _c192958
_d192958